Vật lí đại cương Dùng cho các trường đại học khối kĩ thuật và công nghiệp Tập 2 Điện - Dao động, sóng

Trường tĩnh điện. Vật dẫn. Điện môi. Từ trường không đổi. Hiện tượng cảm ứng điện từ. Vật liệu từ. Dao động. Sóng cơ. Sóng điện từ

שמור ב:
מידע ביבליוגרפי
מחבר ראשי: Lương Duyên Bình (Chủ biên)
מחברים אחרים: Dư Công Trí (b.s), Nguyễn Hữu Hồ (b.s)
פורמט: ספר
שפה:Vietnamese
יצא לאור: H. Giáo dục 2000
מהדורה:Tái bản lần thứ 8
נושאים:
תגים: הוספת תג
אין תגיות, היה/י הראשונ/ה לתייג את הרשומה!
Thư viện lưu trữ: Mạng thư viện Đại học Đà Nẵng
LEADER 01478nam a2200385 4500
001 000008430
003 4618
005 20130614090624.0
008 111017s2000 viesd
020 |c 17400đ 
041 0 |a vie 
082 |a 530.07  |b LƯ-B 
100 0 |a Lương Duyên Bình  |e Chủ biên 
245 1 0 |a Vật lí đại cương  |b Dùng cho các trường đại học khối kĩ thuật và công nghiệp  |c Lương Duyên Bình  |n Tập 2  |p Điện - Dao động, sóng 
250 |a Tái bản lần thứ 8 
260 |a H.  |b Giáo dục  |c 2000 
300 |a 340tr  |c 20cm 
520 |a Trường tĩnh điện. Vật dẫn. Điện môi. Từ trường không đổi. Hiện tượng cảm ứng điện từ. Vật liệu từ. Dao động. Sóng cơ. Sóng điện từ 
653 |a Điện 
653 |a Dao động 
653 |a Sóng 
700 |a Dư Công Trí  |e b.s 
700 |a Nguyễn Hữu Hồ  |e b.s 
773 |t Vật lí đại cương  |w 4610 
910 |a MPhuong  |d 17/10/11 
OWN |a LSP 
AVA |a UDN50  |b LSP  |d 530.07 LƯ-B  |e check_holdings  |t Error 5003 Not defined in file expand_doc_bib_avail.  |h N  |k 1 
999 |a From the UDN01 
AVA |a UDN50  |b LSP  |d 530.07 LƯ-B  |e available  |t Error 5001 Not defined in file expand_doc_bib_avail.  |f 277  |g 6  |h N  |i 48  |k 1 
TYP |a Monograph 
TYP |a Printed language 
980 |a Mạng thư viện Đại học Đà Nẵng